000 00558nam a2200169 i 4500
001 54737
003 ES-MaACL
005 20230906163018.0
007 t|
008 040113s1981 sp ||||1| spa d
020 _a84-205-0803-9
110 2 _aFUINCA.
_94195
245 1 0 _aBases de datos del mundo
_b: catálogo de los sistemas de información científica, tecnológica, social y económica accesibles desde España por medios telemáticos.
260 _aMadrid :
_bAlhambra,
_c1981.
300 _a229 p. ;
_c27 cm.
852 _aES-MaACL
_jL-1770
_bR.102817
999 _c54737
_d54737